000 00808nam a2200265 i 4500
003 DO-SdBNP
005 20230911132747.0
007 ta
008 110413s2023 dr 000 0 spa d
020 _a9789945222760
040 _aDO-SdBNP
_bspa
_cBNPHU
_erda
082 _bR466e
_222
100 _aReynoso, Antonio,
_d1952-
_978049
245 1 0 _aElucubraciones y perspectivas /
_cAntonio Reynoso
264 1 _aSanto Domingo :
_bBúho,
_c2023.
300 _a316 páginas
_c22 cm.
336 _2rdacontent
_atexto
_btxt
337 _2rdamedia
_asin mediación
_bn
338 _2rdacarrier
_avolumen
_bnc
500 _aIncluye datos biográficos del autor en la solapa de la portada.
504 _aBibliografía p: 315-316
590 _aInventariado, 2023/ YL
910 _aYLockward
942 _2ddc
_cLBS1
999 _c54679
_d54679